000 nam a22 7a 4500
999 _c10625
_d10625
008 180219b ||||| |||| 00| 0 eng d
100 _aGrover, B L
_96514
245 _aNew Book of modern India 1907
260 _aNew Delhi
_bS, Chand Publication
_c2014